书目信息 |
| 题名: |
无线电通信用半导体器件手册
|
|
| 作者: | 《无线电通信用半导体器件手册》编写组编 | |
| 分册: | ||
| 出版信息: | 北京 人民邮电出版社 1975 |
|
| 页数: | 645页 | |
| 开本: | 19cm | |
| 丛书名: | ||
| 单 册: | ||
| 中图分类: | TM303-62 | |
| 科图分类: | ||
| 主题词: | 半导体器件--手册 , 电机 | |
| 电子资源: | ||
| ISBN: | ||
| 000 | 00706nam0 2200229 45 | |
| 001 | 0175002217 | |
| 005 | 20060808102002.98 | |
| 010 | @dCNY1.50 | |
| 100 | @a19951012d1975 em y0chiy0121 ea | |
| 101 | 0 | @achi |
| 102 | @aCN@b110000 | |
| 105 | @aa z 000yy | |
| 200 | 10 | @a无线电通信用半导体器件手册@Awu xian dian tong xin yong ban dao ti qi jian shou ce@f《无线电通信用半导体器件手册》编写组编 |
| 210 | @a北京@c人民邮电出版社@d1975 | |
| 215 | @a645页@d19cm | |
| 300 | @a书末附有《新旧晶体管型号对照表》和《中外晶体管型号对照表》 | |
| 606 | @a半导体器件@x手册 | |
| 606 | 0 | @a电机 |
| 690 | @aTM303-62@v3 | |
| 801 | 0 | @aCN@bTSSF@c20060808 |
| 801 | 2 | @aCN@bNLC@c20060704 |
| 905 | @a10447@dTM303-62@e29 | |
| 无线电通信用半导体器件手册/《无线电通信用半导体器件手册》编写组编.-北京:人民邮电出版社,1975 |
| 645页;19cm |
| 书末附有《新旧晶体管型号对照表》和《中外晶体管型号对照表》 |
| ISBN :CNY1.50 |
| ● |
| 相关链接 |
|
|
|
|
正题名:无线电通信用半导体器件手册
索取号:TM303-62/29
 
预约/预借
| 序号 | 登录号 | 条形码 | 馆藏地/架位号 | 状态 | 备注 |
| 1 | 0421521 | 204215214 | 密集书库/ [索取号:TM303-62/29] | 在馆 | |
| 2 | 0451707 | 204517077 | 密集书库/ [索取号:TM303-62/29] | 在馆 |